000 00793na a2200253 4500
001 16803
003 MIRAKIL
005 20181213154953.0
008 161013b tu 000 0
035 _a16803
040 _aMilas
_btur
_cTR-AnCHP
041 _atur
082 _a344.023026
_bY29y [t.y.]
090 _a344.023026 Y29y [t.y.]
100 _aYazıcıoğlu, Cafer Tufan
_d1951-
245 _aYaşlılık hukuku
_cCafer Tufan Yazıcıoğlu
260 _aAnkara
_bTürkiye İşçi Emeklileri Derneği
_c[t.y.]
300 _axxxi, 1584 s.
_c25 sm.
650 _aYaşlılar
_xHukuk ve mevzuat
_zTürkiye
651 _aTürkiye
_xKanun hükmünde kararnameler
651 _aTürkiye
_xKanunlar ve yönetmelikler
651 _aTürkiye
_xUluslararası sözleşmeler
942 _2ddc
_cBKS
999 _c4118
_d4118